Top 50 Steam Games by Player Count - Statistics

General Stats
  • This quiz has been taken 117 times
  • The average score is 11 of 50
Answer Stats
Spot In Top 50. Player Count Game % Correct
1. 1,188,878 Counter-Strike 2
67%
44. 30,225 Call of Duty
56%
28. 45,901 Team Fortress 2
56%
9. 95,534 Grand Theft Auto V Enhanced
55%
12. 83,718 Grand Theft Auto V Legacy
55%
3. 444,092 Dota 2
51%
2. 477,563 PUBG: BATTLEGROUNDS
48%
11. 85,864 Stardew Valley
40%
13. 79,195 Marvel Rivals
39%
8. 108,398 Apex Legends
38%
22. 49,757 ELDEN RING
38%
27. 47,478 Red Dead Redemption 2
34%
40. 37,441 Terraria
32%
19. 58,354 Tom Clancy's Rainbow Six Siege
29%
33. 40,857 Cyberpunk 2077
28%
38. 37,861 HELLDIVERS 2
24%
15. 74,303 R.E.P.O
24%
5. 128,493 Rust
23%
47. 29,347 The Sims 4
22%
30. 42,832 Baldur's Gate 3
21%
17. 65,094 Warframe
20%
6. 121,147 Banana
19%
46. 29,664 Black Myth: Wukong
19%
45. 30,079 Dead by Daylight
19%
43. 31,055 Euro Truck Simulator 2
19%
48. 29,288 NBA 2K25
18%
26. 47,496 Palworld
18%
14. 75,217 War Thunder
18%
39. 37,684 DayZ
16%
42. 35,336 VRChat
16%
7. 115,703 Wallpaper Engine
16%
21. 50,038 Hearts of Iron IV
13%
31. 42,632 Bongo Cat
11%
4. 244,506 Monster Hunter Wilds
10%
49. 28,893 Monster Hunter World
10%
37. 39,796 Sid Meider's Civilization VI
9%
34. 40,846 Assassin's Creed Shadows
8%
25. 47,620 Football Manager 2024
8%
23. 48,846 Don't Starve Together
7%
20. 50,789 EA SPORTS FC 25
7%
29. 43,550 Crab Game
6%
18. 64,490 Delta Force
6%
10. 95,193 NARAKA: BLADEPOINT
6%
32. 41,274 tModLoader
6%
35. 40,457 Crosshair X
5%
41. 37,116 Limbus Company
5%
24. 47,796 Spacewar
5%
36. 40,314 Kingdom Come: Deliverance II
4%
50. 28,747 FragPunk
3%
16. 71,148 Split Fiction
3%
No matching quizzes found
Score Distribution
Percent of People with Each Score
Percentile by Number Answered
Your Score History
You have not taken this quiz